| 000 | 00348cam a22001097a 4500 | ||
|---|---|---|---|
| 008 | 180718b1968 xxu||||| |||| 00| 0 eng d | ||
| 082 | _aA75 Ut8MAT | ||
| 245 |
_aUttar Pradesh district gazetteers: Mathura _cedited by Esha Basanti Joshi |
||
| 260 |
_aLucknow _bDepartment of District Gazetteers _c1968 |
||
| 300 | _a436+p | ||
| 700 | _aJoshi, Esha Basanti | ||
| 999 |
_c487050 _d487050 |
||